| 000 | 00839nam a2200205 a 4500 | ||
|---|---|---|---|
| 001 | 14862 | ||
| 003 | CO-ViMGA | ||
| 008 | 141112s2004 ck r 000 u spa d | ||
| 020 | _a9589692842 | ||
| 040 |
_aCO-ViMGA _bspa _cCO-ViMGA |
||
| 082 | 0 | 4 | _a352.0861 E778o |
| 100 | 1 |
_aEstupiñan Achury, Liliana _921583 |
|
| 245 | 1 | 0 |
_aOrdenamiento territorial en Colombia : _bPerspectiva historica y legal |
| 260 |
_aBtá, _cUniversidad Libre, _c2001.Centro de Investigaciónes sociojuridicas. |
||
| 505 | _aColonia : Herencia centralista Siglo XIX : Construcción de un estado y nuevo ordenamiento territorial Siglo XX : Territorio y administración | ||
| 590 |
_aDatos de inventario : donación - - Precio : _10.000 |
||
| 650 | 1 | 4 |
_aORDENAMIENTO TERRITORIAL - HISTORIA - COLOMBIA _921584 |
| 650 | 1 | 4 |
_aPLANEACION REGIONAL _93560 |
| 942 |
_2ddc _cBK |
||
| 999 |
_c25343 _d25343 |
||